Statistics for Lord of the Rings Geography

Click here to take the quiz!

General Stats

  • This quiz has been taken 648 times
  • The average score is 30 of 58

Answer Stats

#DescriptionAnswer% Correct
2Dark realm of SauronMordor
98%
9Home of HobbitsThe Shire
96%
3Southern kingdom of MenGondor
95%
1"Continent" where LOTR takes placeMiddle-Earth
95%
4Horse kingdomRohan
95%
15Town where the Prancing Pony is locatedBree
84%
24Capital of the GondoriansMinas Tirith
84%
7Oldest forest and home of the EntsFangorn
82%
12Hidden refuge of ElvesRivendell
82%
14Home of Bilbo & FrodoBag End
81%
11Longest mountain rangeMisty Mountains
81%
36Dwarven kingdom sacked by goblinsMoria
81%
31Mountain where Smaug was driven out ofErebor
80%
21Fortress which walls had previously never been breachedHelm's Deep
80%
8Forest with Elven treehousesLothlórien
80%
6Largest forestMirkwood
80%
13Most populated town of HobbitsHobbiton
78%
22Fortress of Saruman and Uruk-haiIsengard
77%
34Mountain where the One Ring was forgedOrodruin
76%
25Home of the NazgulMinas Morgul
70%
29Kingdom of the WitchkingAngmar
68%
32Town in the center of a lake that was destroyed by SmaugLaketown
63%
23Tall structure in Saruman's fortressOrthanc
61%
20Capital city of the RohirrimEdoras
60%
16Ancient watchtower of ArnorWeathertop
58%
35Fortress which the Eye of Sauron is atopBarad-dûr
57%
45Main entrance to Sauron's realmBlack Gate
56%
41City occupied in one half by Men and the other half by OrcsOsgiliath
56%
33Ancient kingdom of noble Men that was destroyed by Sauron's deceitNúmenor
55%
10Home of the Mumakil-ridersHarad
51%
42Longest riverAnduin
48%
19Fortress corrupted by the NecromancerDol Guldur
48%
39Swamps where battle between Elves, Men, and Orcs occurredDead Marshes
46%
28Elven port city in the NorthGrey Havens
44%
30Home of King Dain's dwarvesIron Hills
41%
43The largest battle of LOTR takes place herePelennor Fields
39%
5Broad northwest regionEriador
38%
49Secret pass into Sauron's realmCirith Ungol
36%
37Home of the Easterlings (Sauron's allies)Rhûn
35%
27Port city populated by corsairsUmbar
33%
26Southern mountain range with flaming beaconsWhite Mountains
31%
47Woods outside of the Shire that seems to be aliveOld Forest
29%
17Where the Fellowship is broken and Boromir slainAmon Hen
28%
48Forested region where Faramir and his rangers ambush enemy forcesIthilien
26%
40Rocky area where Frodo and Sam get lostEmyn Muil
23%
55Where wights trap the hobbitsBarrow Downs
20%
38Large southern bayBay of Belfalas
20%
52Long lake in northern RhovanionEsgaroth
19%
53Northern mountain stronghold of orcsGundabad
18%
46Home of a descendant of UngoliantShelob's Lair
18%
51Region of wild men that are allied with SarumanDunland
17%
18Where Thorin's Company attempts to cross east over the mountainsHigh Pass
17%
44Shallow river at entrance to Elrond's cityFord of Bruinen
15%
56Where Aragorn finds invincible alliesPath of the Dead
15%
54Ancient destroyed fortress of ArnorFornost
12%
57High stronghold where Rohirrim gatherDunharrow
11%
50Vast plains inside Sauron's realmNúrn
10%
58Fortress of the WitchkingCarn Dûm
7%

Score Distribution

Percentile by Number Answered

Percent of People with Each Score

Your Score History

You have not taken this quiz